| 000 | 00833cam a22002414a 4500 | ||
|---|---|---|---|
| 001 | 15778214 | ||
| 005 | 20180207051812.0 | ||
| 008 | 090616s2009 moua b 001 0 eng | ||
| 010 | _a 2009289259 | ||
| 020 | _a9780323048613 | ||
| 040 |
_aDLC _cDLC _dDLC |
||
| 041 | _aeng | ||
| 042 | _apcc | ||
| 080 | _a615.822 SAN | ||
| 082 | 0 | 0 |
_a615.822 SAN _222 |
| 100 | 1 | _a8 | |
| 101 | _aEKZ | ||
| 245 | 1 | 0 |
_aMosby's fundamentals of therapeutic massage / _cSandy Fritz ; contribution by W. Randy Snyder ; foreword by Leon Chaitow. |
| 246 | 3 | 0 | _aFundamentals of therapeutic massage |
| 906 |
_a7 _bcbc _corigcop _d2 _eocip _f20 _gy-gencatlg |
||
| 942 |
_2ddc _cBK |
||
| 999 |
_c42006 _d42006 |
||